000
00336nam a22001457a 4500
005
20240130120208.0
008
240130b |||||||| |||| 00| 0 eng d
020
_a
0-19-566-758-1
041
_a
eng
100
_a
APTE, GOVIND
_9
8413
245
_a
SERVICES MARKETING
260
_a
NEW YORK
_b
OXFORD
_c
2004
300
_a
440'P
942
_c
BK
999
_c
8509
_d
8507